02181agaaa2200313 45000010005000000030009000050050017000140070009000310080040000400400023000800410013001031000047001161300022001632400031001852450174002162460024003902500022004142600133004363000034005695080122006035110087007255200791008125380016016035460013016196500056016327000059016887000061017477000059018082990IT-RoPAU20220918181226.0d cvaizq50131s9999||||xx ||| | || ||und|| aIT-RoPAUcIT-RoPAU aITALIANO aBergman IngmargCodice regista SPICS: 9304 aFANNY & ALEXANDER aFANNY OCH ALEXANDERgT1752 aFANNY & ALEXANDERcProdotto da: Cinematograph Ab -- Sceneggiatura: Ingmar Bergman -- Diretto da: Bergman IngmarpFANNY & ALEXANDER (Rif. Codice opera principale : H2990) aFANNY OCH ALEXANDER aEdizione Standard a(SVEZIA)bCINEMATOGRAPH AB - SVENSKA FILMINSTITUTET / Distribuzione: TV SVEDESEg"1982 (1° ed.: 2003 ; Ed. Lingua Orig.: 1982)" aDVDbsonoro, col.c188 minuti a"Fotografia: Sven Nykvist; Montaggio: Sylvia Ingermarsson; Musica: Britten Benjamin; Sceneggiatura: Ingmar Bergman; " a"Pernilla; Allwin; Bertil; Guve; Ewa; Froeling; Erland; Josephson; G.; Bjomstrand" a"EDIZIONE SPECIALE IN 2 DVD. FILM A COLORI PER TUTTI, CON SOTTOTITOLI IN ITALIANO PER NON UDENTI. MENU' INTERATTIVO. CONTENUTI EXTRA: INTERVISTA A INGMAR BERGMAN; SCHEDE CRITICHE DI FERNALDO DI GIAMMATTEO; FILMOGRAFIE ESSENZIALI DEL REGISTA E DEGLI ATTORI. OSCAR 1983 PER MIGLIOR FILM STRANIERO; DAVID DI DONATELLO NEL 1984. DISTRIBUITO DA MULTIMEDIA SAN PAOLO. FILM TESTAMENTO DEL REGISTA. TRAMA COMPLESSA: UNA FAMIGLIA PATRIARCALE SI RIUNISCE PER CELEBRARE LA NOTTE DI NATALE: DA QUEL MOMENTO SI DIPANANO LE VICENDE DEI MOLTI PERSONAGGI PRESENTI ALLA SERATA. NASCE UN GRANDE AFFRESCO STORICO-AUTOBIOGRAFICO, UNA SORTA DI BILANCIO GENERALE DELLA VITA E DELL'ARTE DEL GRANDE REGISTA. OMAGGIO DI BERGMAN ALLA VITA, VALUTATA CON ANIMO PIU' SERENO, RISPETTO A TANTI ALTRI SUOI CAPOLAVORI." aPAL, STEREO aITALIANO aDRAMMATICOeFILMS [DVD]xCodice MATERIA SPICS: 9960 aBergman Ingmar e(regista)gCodice regista SPICS: 9304 aBergman Ingmar e(soggetto)gCodice Soggetto SPICS: 9304 aBritten Benjamine(musica)gCodice Musica SPICS: 10726